|
|
|
|
| LEADER |
00000nam a22000007a 4500 |
| 005 |
20120928144850.0 |
| 007 |
cr|||| |||| |
| 008 |
120928c20109999ag |||||s|||| 00||0 spa d |
| 035 |
|
|
|a 6721
|
| 040 |
|
|
|a vLex
|
| 090 |
|
|
|c 3489
|d 3489
|
| 245 |
0 |
0 |
|a Facultad de Derecho de la Universidad Nacional de Cr̤doba
|h [Recurso electrn̤ico]
|
| 256 |
|
|
|a Servicio en ln̕ea
|
| 260 |
|
|
|a Cr̤doba :
|b Facultad de Derecho de la Universidad Nacional de Cr̤doba,
|c 2010 -
|
| 300 |
|
|
|a 1 recurso electrn̤ico
|
| 310 |
|
|
|a Anual
|
| 362 |
|
|
|a Nm︢. 1 (2010) -
|
| 506 |
1 |
|
|a Contenido solo disponible en los productos indicados
|d vLex Global
|d vLex Global (Academic Edition, excluding Law Schools)
|d vLex Global (U.S. Academic Edition, Law Schools)
|d vLex Global (U.S. Academic Edition, excluding Law Schools)
|d vLex Global (Academic Edition, Law Schools)
|
| 650 |
0 |
4 |
|a Derecho
|z Argentina
|
| 740 |
0 |
|
|a vLex Revistas (Servicio en ln̕ea)
|
| 856 |
4 |
0 |
|u http://vlex.com/source/facultad-derecho-universidad-nacional-cordoba-6721
|z Acceso restringido
|
| 942 |
|
|
|c REV
|
| 999 |
0 |
|
|a Law
|